| 000 | 00935cam a2200253 a 4500 | ||
|---|---|---|---|
| 001 | 12147811 | ||
| 005 | 20180814050533.0 | ||
| 008 | 000818s2001 ctu b 001 0 eng | ||
| 010 | _a 00064956 | ||
| 020 | _a0275972275 (alk. paper) | ||
| 020 | _a0275972283 (pbk. : alk. paper) | ||
| 040 |
_aDLC _cDLC _dDLC |
||
| 041 | _aeng | ||
| 043 | _an-us--- | ||
| 080 | _a384 DIZ | ||
| 082 | 0 | 0 |
_a384 DIZ _221 |
| 100 | 1 | _a19 | |
| 101 | _aPOL | ||
| 245 | 1 | 0 |
_aDigital diplomacy : _cWilson P. Dizard, Jr. |
| 504 | _aIncludes bibliographical references (p. [193]-205) and index. | ||
| 906 |
_a7 _bcbc _corignew _d1 _eocip _f20 _gy-gencatlg |
||
| 942 |
_2ddc _cBK |
||
| 999 |
_c47099 _d47099 |
||